000 00855nam a2200217 a 4500
005 20251210064030.0
008 991125s1996 mx 000 0 spa u
035 _aUPN01000002048
049 _aTES
099 _a14431
100 1 _aGarduño Arellano, María del Carmen
245 1 4 _aUna alternativa para desarrollar el hábito y el gusto por la literatura en el quinto grado de educación primaria /
_cMaría del Carmen Garduño Arellano.
260 _aZitácuaro, Mich. :
_bM. del C. Garduño Arellano,
_c1996.
300 _a75 h.
500 _a"Unidad 16D"
502 _aPropuesta pedagógica (Lic. en Educación Primaria) -- Universidad Pedagógica Nacional, 1996
650 4 _aIntereses en la lectura
_94851
650 4 _aEducación primaria
_91552
710 2 _aUniversidad Pedagógica Nacional (México).
_bUnidad 16D
_928443
905 _aTesis
999 _c2048
_d2048